A Withered Spring (Record no. 2658)
[ view plain ]
| 000 -LEADER | |
|---|---|
| fixed length control field | 00261nam a2200109Ia 4500 |
| 008 - FIXED-LENGTH DATA ELEMENTS--GENERAL INFORMATION | |
| fixed length control field | 190902s9999||||xx |||||||||||||| ||und|| |
| 100 ## - MAIN ENTRY--PERSONAL NAME | |
| Personal name | Faiz Ahmed Faiz |
| 245 #2 - TITLE STATEMENT | |
| Title | A Withered Spring |
| 260 ## - PUBLICATION, DISTRIBUTION, ETC. (IMPRINT) | |
| Place of publication, distribution, etc | Pakistan |
| Name of publisher, distributor, etc | HY Enterprises |
| Date of publication, distribution, etc | 2013 |
| 300 ## - PHYSICAL DESCRIPTION | |
| Extent | 63 |
| 942 ## - ADDED ENTRY ELEMENTS (KOHA) | |
| Koha item type | Books |
| Withdrawn status | Lost status | Source of classification or shelving scheme | Damaged status | Not for loan | Collection code | Permanent Location | Current Location | Shelving location | Date acquired | Full call number | Barcode | Date last seen | Price effective from | Koha item type |
|---|---|---|---|---|---|---|---|---|---|---|---|---|---|---|
| | | | | | English Literature | MAJU | MAJU | Shelf No.A15 | 2019-09-02 | 891.41 | 6286 | 2019-09-02 | 2019-09-02 | English Literature |
| | | | | | English Literature | MAJU | MAJU | Shelf No.A15 | 2019-09-02 | 891.41 | 6292 | 2025-06-03 | 2019-09-02 | English Literature |